Представление документа в формате RUSMARC

ПолеНазваниеЗначение
  Тип записи a
  Библиографический уровень a
001 Контрольный номер RU/CBS_UL/BASE/570122416
005 Дата корректировки 20240209175220.6
100 Данные общей обработки __
a Данные общей обработки 20180124d2018 ||| 0rusy0189 ca
101 Язык документа 0_
a Язык текста rus
102 Страна публикации __
a Страна публикации RU
105 Кодированные данные (монография) __
a Кодированные данные (монография) y###||||000|y
200 Заглавие и сведения об ответственности 1_
a Заглавие Как не стать жертвой мошенников
b Общее обозначение материала Текст
e Сведения, относящиеся к заглавию [самые распространённые способы обмана пожилых людей]
f Первые сведения об ответственности В. Половинкин
300 Общие примечания __
a Общие примечания Ограничения по возрасту - 12+
461 Уровень набора _0
1 2000
a Сельская новь
463 Уровень физической единицы _0
1 001RU/CBS_UL/BASE/570115018
1 2000
a № 1
v С. 32-37 : фото
1 210
d 2018
606 Тематические рубрики 0_
a Основная рубрика Мошенничество - Российская Федерация - Борьба с ним
610 Ключевые слова 0_
a Ключевые слова мошенники
a Ключевые слова мошенничество
a Ключевые слова пожилые люди
a Ключевые слова пенсионеры
a Ключевые слова преступления
a Ключевые слова виды мошенничеств
a Ключевые слова жертвы мошенников
a Ключевые слова борьба с мошенничеством
a Ключевые слова безопасность пожилых людей
686 Индексы других классификаций __
a Классификационный индекс 67.408
2 Код системы ББК
700 Автор _1
a Фамилия Половинкин
b Имя (инициалы) В.
801 Источник записи _0
a Страна RU
b Организация МБУК ЦБС г. Ульяновска
c Дата составления 20180124
g Правила каталогизации RCR
801 Источник записи _1
a Страна RU
b Организация МБУК ЦБС г. Ульяновска
c Дата составления 20180124
g Правила каталогизации RCR
901 Тип документа __
t Тип документа b
w Контрольный № источника RU/CBS_UL/BASE/570115018
910 Корректоры записи __
a Корректор записи Библиотека 2
938 Служебная информация __
a Имя БД period